La famille Kardashian/Jenner- Images - Statistiques

Statistiques générales
  • Ce quiz a été pris 1 251 fois
  • Le résultat moyen est 11 sur 15
Statistiques - réponses
Par images Réponse % Correct
Kim
100%
Kylie
96%
Kendall
95%
Kourtney
93%
Kris
93%
Kloe
80%
Kanye West
78%
Rob
76%
Travis Scott
75%
Robert
63%
Bruce
58%
Caitlyn
53%
Scott Disick
43%
Tristan Thompson
32%
Blac Chyna
25%
Aucun quiz correspondant
Distribution des résultats
% des personnes avec chaque résultat
Percentile par nombre de réponses
Votre historique - résultats
Vous n’avez pas pris ce quiz